000 00630nam a22001937a 4500
003 OSt
005 20220107122844.0
008 180904b xxu||||| |||| 00| 0 eng d
040 _cIIITMK
100 _aRamesh K (16650011)
_914616
245 _aA study on the e-governance initiatives of Directorate of Collegiate Education, Kerala
300 _aPGDEG 2016-2017
502 _bPGDEG
_c2016-2017
_dINT
_eMd. Meraj Uddin
650 _aE-GOVERNANCE
_914617
650 _aDIRECTORATE OF COLLEGIATE EDUCATION
_914618
650 _aGOVERNMENT PROCESS RE-ENGINEERING
_914619
700 _aSree Prekash (16650018)
_914620
942 _2ddc
_cPR
999 _c6183
_d6183